01165nab a22002297a 4500999001500000003000400015005001700019008004100036040000700077100002800084245011600112260007200228300001300300500003900313505024400352505008900596650002600685650003800711650003400749773013900783942001300922 c5893d5893OSt20260109234119.0190605e xxu||||| |||| 00| 0 spa d cPJ 96769aBes, E. Damián 10aSobre la IA fuerte, sus desafíos y aplicación en el mundo laboral /cE. Damián Bes, Iván G. Lupinacci.  aCiudad Autónoma de Buenos Aires :bThomson Reuters La Ley,c2023. ap. 92-99 aCita: TR LALEY AR/DOC/1344/2023.  aSumario: I. Introducción.— II. Inteligencia artificial.— III. De advertencias, preocupaciones genuinas e intereses ocultos.— IV. La IA en el derecho del trabajo.— V. La necesidad urgente de una regulación.— VI. Conclusión.  t¿Te interesa el texto completo? Solicitalo al correo: koha@justierradelfuego.gov.ar 091316aDERECHO LABORAL 09289aTECNOLOGIA DE LA INFORMACION 095817aINTELIGENCIA ARTIFICIAL0 0271193168dCiudad Autónoma de Buenos Aires : Thomson Reuters La Ley, 1999-2002.tRevista de derecho del trabajo. Nº 4 - Julio 2023 2udccANA